| 000 | 00874nam a2200181Ia 4500 | ||
|---|---|---|---|
| 008 | 090630s9999 xx 000 0 und d | ||
| 082 | _b16399 | ||
| 100 | _aहिवराळे सुखराम. | ||
| 245 |
_aज्ञानज्योती महात्मा ज्योतिराव फुले भाग 3. _cहिवराळे सुखराम. |
||
| 260 | _bप्रचार - कोल्हापूर. | ||
| 300 | _a0 | ||
| 600 | _aहिवराळे सुखराम. | ||
| 630 | _aज्ञानज्योती महात्मा ज्योतिराव फुले भाग 3. | ||
| 655 | _aबालवाङमय. | ||
| 700 | _aहिवराळे सुखराम. | ||
| 730 | _aज्ञानज्योती महात्मा ज्योतिराव फुले भाग 3. | ||
| 942 | _cBOOK | ||
| 999 |
_c268255 _d268255 |
||